000 00453nam a2200157 i 4500
001 146742
003 ES-MaACL
005 20230906201645.0
007 t|
008 070917s1922 fr ||||1| fre d
100 1 _aTrouessart, Edouard Louis.
_9111521
245 1 3 _aLa distribution geographique des animaux /
_cpar E.L. Trouessart.
260 _aParis :
_bDoin,
_c1922.
300 _a4 h., 332 p., XII :
_bil. ;
_c19 cm.
852 _aES-MaACL
_jD-3793
999 _c146742
_d146742